000 00365nam a2200145Ia 4500
008 260223s2025 xx 000 0 und d
020 _a9789393885852
041 _aeng
082 _a618.92/DAS
100 _aDas Niyati
245 _aPediatric Nursing (GNM Nursing Student)
260 _aB.S.B. Pune
_bEMMESS,Pub
_c2025
300 _a632P
650 _aPediatric
999 _c1216398
_d1216398